000 00575nam a2200157Ia 4500
008 150509s9999 xx 000 0 und d
082 _aREF 658.404091724 ORG
100 _aLittle, Ian M. D.Mirrless, James A.
245 _aManual of industrial project analysis in developing countries
260 _aParis:
260 _bDevelopment centre of the Organization of Economic Cooperation and Development
260 _c1968
300 _a280 p. : ill. ; 24 cm.
500 _aIncludes bibliographical references and index
650 _aPrinciples of management, project management
999 _c4808
_d4808